000 01363cam a22003854a 4500
001 52037
003 BD-RjUL
005 20211209075739.0
008 160905s2003 dcua sb i000 0 eng d
020 _a0821352083
035 _aBD-RjUL52157
040 _aCaPaEBR
_cCaPaEBR
_dWaSeSS
_beng
041 _aeng
082 0 4 _a332.042
_221
_bGLO 2003
245 0 0 _aGlobalization and national financial systems /
_cedited by James Hanson, Patrick Honohan, Giovanni Majnoni.
260 _aWashington, DC :
_bWorld Bank,
_cc2003.
300 _axii, 282 p. :
_bill. ;
_c23 cm.
504 _aIncludes bibliographical references.
506 _aLicense restrictions may limit access.
650 0 _aFinance.
_9155615
650 0 _aBanks and banking.
_9155616
650 0 _aInternational finance.
_9155617
650 0 _aMonetary policy.
_9155618
650 0 _aGlobalization
_xEconomic aspects.
_9150943
655 7 _aElectronic books.
_2local
_9129485
700 1 _aHanson, James A.
_9155619
700 1 _aHonohan, Patrick.
_9155262
700 1 _aMajnoni, Giovanni.
_9155620
710 2 _aebrary, Inc.
_9137644
773 0 _tOpen Knowledge Repository
856 4 0 _uhttp://www.columbia.edu/cgi-bin/cul/resolve?clio10958838
_zFull text available from Open Knowledge Repository
942 _2ddc
_cBK
999 _c52037
_d52037